<?xml version="1.0" encoding="UTF-8"?>
<record
    xmlns:xsi="http://www.w3.org/2001/XMLSchema-instance"
    xsi:schemaLocation="http://www.loc.gov/MARC21/slim http://www.loc.gov/standards/marcxml/schema/MARC21slim.xsd"
    xmlns="http://www.loc.gov/MARC21/slim">

  <leader>00894naa a22002057i 4500</leader>
  <controlfield tag="003">KOSZ 005</controlfield>
  <controlfield tag="005">20170228132410.0</controlfield>
  <controlfield tag="008">160308s2009        ||||| ||||0|| 0 pol  </controlfield>
  <datafield tag="035" ind1=" " ind2=" ">
    <subfield code="a">PBN-R:469322</subfield>
  </datafield>
  <datafield tag="040" ind1=" " ind2=" ">
    <subfield code="c">KOSZ 005/md</subfield>
    <subfield code="a">PBN-ID</subfield>
  </datafield>
  <datafield tag="041" ind1="0" ind2=" ">
    <subfield code="a">pol</subfield>
  </datafield>
  <datafield tag="100" ind1=" " ind2=" ">
    <subfield code="a">DELUGA, W&#x142;odzimierz.</subfield>
    <subfield code="b">Politechnika Koszali&#x144;ska - Instytut Ekonomi i Zarz&#x105;dzania,</subfield>
    <subfield code="c">Zak&#x142;ad Marketingu</subfield>
    <subfield code="d">1996 - .</subfield>
  </datafield>
  <datafield tag="245" ind1="1" ind2="0">
    <subfield code="a">Znaczenie logistyki przy wyborze kana&#x142;u dystrybucji /</subfield>
    <subfield code="c">W&#x142;odzimierz Deluga, Joanna Dyczkowska.</subfield>
  </datafield>
  <datafield tag="260" ind1=" " ind2=" ">
    <subfield code="c">2009.</subfield>
  </datafield>
  <datafield tag="650" ind1=" " ind2="0">
    <subfield code="a">Chapter in a book.</subfield>
  </datafield>
  <datafield tag="650" ind1=" " ind2="0">
    <subfield code="a">Rozdzia&#x142; w ksi&#x105;&#x17C;ce.</subfield>
  </datafield>
  <datafield tag="700" ind1=" " ind2=" ">
    <subfield code="a">DYCZKOWSKA, Joanna.</subfield>
    <subfield code="b">Politechnika Koszali&#x144;ska - Instytut Ekonomii i Zarz&#x105;dzania,</subfield>
    <subfield code="c">Zak&#x142;ad Marketingu</subfield>
    <subfield code="d">1996 - .</subfield>
  </datafield>
  <datafield tag="773" ind1="0" ind2="8">
    <subfield code="i">W:</subfield>
    <subfield code="t">Marketing i logistyka w teorii i praktyce. -</subfield>
    <subfield code="d">Wydawnictwo Szko&#x142;y Wy&#x17C;szej im. Bogdana Ja&#x144;skiego, 2009. -</subfield>
    <subfield code="g">s. 37-43</subfield>
  </datafield>
  <datafield tag="942" ind1=" " ind2=" ">
    <subfield code="c">ROZ</subfield>
    <subfield code="2">UKD</subfield>
  </datafield>
  <datafield tag="999" ind1=" " ind2=" ">
    <subfield code="c">7971</subfield>
    <subfield code="d">7971</subfield>
  </datafield>
</record>
